000
00214nam a22000857a 4500
008
161201b xxu||||| |||| 00| 0 eng d
100
_9
1702
_a
Soni, A., etal
245
_a
Opening New Windows
260
_a
New Delhi
_b
Navdeep
999
_c
4415
_d
4415